00566nam a22001697a 450000500170000001000150001702000260003203500130005803700130007108200160008424500900010026000310019027000790022130000240030050000500032470000220037420140623114449.0 aENG-110231 a9781138788190c850.00 aEN-93763 bDBAD/PUB a301.3260954 aIndia migration report 2014 :cedited by S. Irudaya Rajanbdiaspora and development / aNew DelhibRoutledgec2014 a912, Tolstoy House, 15-17 Tolstoy Marg, Connaught PlacebNew Delhie110001 axx,314p. c23cm(Hb) aIncludes bibliographical references and index aRajan, S. Irudaya